Applied strength of materials / (Record no. 22725)
[ view plain ]
| 000 -LEADER | |
|---|---|
| fixed length control field | 00789cam a22002535a 4500 |
| 001 - CONTROL NUMBER | |
| control field | 017020004 |
| 003 - CONTROL NUMBER IDENTIFIER | |
| control field | OSt |
| 005 - DATE AND TIME OF LATEST TRANSACTION | |
| control field | 20161206160101.0 |
| 008 - FIXED-LENGTH DATA ELEMENTS--GENERAL INFORMATION | |
| fixed length control field | 150113t2015 flua frb 001|0 eng d |
| 020 ## - INTERNATIONAL STANDARD BOOK NUMBER | |
| Cancelled/invalid ISBN | 9781498725910 |
| 040 ## - CATALOGING SOURCE | |
| Original cataloging agency | StDuBDS |
| Language of cataloging | eng |
| Transcribing agency | StDuBDS |
| Description conventions | pn |
| Modifying agency | EG-SccBUE |
| 082 04 - DEWEY DECIMAL CLASSIFICATION NUMBER | |
| Classification number | 620.112 |
| Edition number | 22 |
| Item number | MOT |
| 100 1# - MAIN ENTRY--PERSONAL NAME | |
| Personal name | Mott, Robert L. |
| 9 (RLIN) | 18046 |
| 245 10 - TITLE STATEMENT | |
| Title | Applied strength of materials / |
| Statement of responsibility, etc | Robert L. Mott. |
| 250 ## - EDITION STATEMENT | |
| Edition statement | 5th ed. |
| 260 ## - PUBLICATION, DISTRIBUTION, ETC. (IMPRINT) | |
| Place of publication, distribution, etc | Boca Rston : |
| Name of publisher, distributor, etc | CRC Press / Taylor & Francis Group, |
| Date of publication, distribution, etc | c.2015. |
| 300 ## - PHYSICAL DESCRIPTION | |
| Extent | xiv, 776 p. : |
| Other physical details | ill. ; |
| Dimensions | 28 cm. |
| 500 ## - GENERAL NOTE | |
| General note | Index : p. 771-776. |
| 504 ## - BIBLIOGRAPHY, ETC. NOTE | |
| Bibliography, etc | Includes bibliographical references. |
| 650 #7 - SUBJECT ADDED ENTRY--TOPICAL TERM | |
| Topical term or geographic name as entry element | Strength of materials. |
| Source of heading or term | BUEsh |
| 9 (RLIN) | 10669 |
| 651 ## - SUBJECT ADDED ENTRY--GEOGRAPHIC NAME | |
| Source of heading or term | BUEsh |
| 653 ## - INDEX TERM--UNCONTROLLED | |
| Resource For college | Engineering, General |
| Arrived date list | October2016 |
| -- | December2016 |
| 942 ## - ADDED ENTRY ELEMENTS (KOHA) | |
| Source of classification or shelving scheme | Dewey Decimal Classification |
| Withdrawn status | Item status | Source of classification or shelving scheme | Damaged status | Not for loan | Vendor | Home library | Current library | Shelving location | Date acquired | Source of acquisition | Cost, normal purchase price | Serial Enumeration / chronology | Total Checkouts | Full call number | Barcode | Date last seen | Cost, replacement price | Koha item type |
|---|---|---|---|---|---|---|---|---|---|---|---|---|---|---|---|---|---|---|
| Dewey Decimal Classification | Academic Bookshop | Central Library | Central Library | First floor | 19/10/2016 | Purchase | 936.00 | 9125 | 620.112 MOT | 000034341 | 15/07/2025 | 1170.00 | Book - Borrowing | |||||
| Dewey Decimal Classification | Alahram | Central Library | Central Library | First floor | 06/12/2016 | Purchase | 884.00 | 116 | 620.112 MOT | 000040283 | 15/07/2025 | 1105.00 | Book - Borrowing |